000 01091 a2200217 4500
005 2008082808528.0
008 080828t xxu||||| |||| 00| 0 hin d
010 _aHIN-82603
020 _c175.00
_a9788190557337
035 _aHN-54949
037 _bपु.प्र.अ.प्र/प्रका
082 _a808.883
245 _aबाल साहित्यकारों के संस्मरण /
_cरमाशंकर द्वारा संपादित
246 _aBal shityakarin ke snsmaran
_bedited by Ramashankar
260 _aइलाहाबाद
_bकान्हा प्रकाशन
_c2007
270 _a60/50, चाहचन्द
_bइलाहाबाद
_e1
300 _a144पृ
_c22 सेमी (सजिल्द)
700 _aरमाशंकर
942 _adpl
_cHN
_k808.883 / बालसा
_2ddc
_h808.883
_m बालसा
999 _c10720
_d10720